Les Oeufs de Pokémon offerts dans les jeux - Statistiques

Statistiques générales
  • Ce quiz a été pris 26 fois
  • Le résultat moyen est 13 sur 18
Statistiques - réponses
Jeu où l'oeuf est offert Oeufs de Pokémon offerts % Correct
Or, Argent et Cristal Togepi
100%
Rouge Feu et Vert Feuille Togepi
100%
Platine Togepi
100%
Or HeartGold et Argent SoulSilver Togepi
100%
Rubis Oméga et Saphir Alpha Togepi
100%
Cristal Pichu/Mélo/Toudoudou/Débugant/Lippouti/Elekid/Magby
85%
Diamant, Perle et Platine Ptiravi
80%
Noir 2 et Blanc 2 Ptiravi
80%
Diamant Étincelant et Perle Scintillante Ptiravi
80%
Diamant, Perle et Platine Riolu
80%
Diamant Étincelant et Perle Scintillante Riolu
80%
Rubis, Saphir et Émeraude Okéoké
70%
Rubis Oméga et Saphir Alpha Okéoké
70%
Soleil et LuneUltra-Soleil et Ultra-Lune Evoli
50%
Or HeartGold et Argent SoulSilver Dialga/Palkia/Giratina
40%
Noir et Blanc Pyronille
35%
Or HeartGold et Argent SoulSilver Wattouat/Limagma/Axoloto
35%
Écarlate et Violet: Le Masque Turquoise Tortipouss/Ouisticram/Tiplouf
30%
Aucun quiz correspondant
Distribution des résultats
% des personnes avec chaque résultat
Percentile par nombre de réponses
Votre historique - résultats
Vous n’avez pas pris ce quiz